Ghép và xử lý ảnh Photoshop 6.0 - 7.0

Uloženo v:
Podrobná bibliografie
Hlavní autor: Phạm Quang Huy
Médium: Kniha
Jazyk:Undetermined
Vydáno: H. Thống Kê 2003
Témata:
Tagy: Přidat tag
Žádné tagy, Buďte první, kdo otaguje tento záznam!
Thư viện lưu trữ: Trung tâm Học liệu Trường Đại học Cần Thơ
LEADER 00553nam a2200193Ia 4500
001 CTU_54855
008 210402s9999 xx 000 0 und d
020 |b 45000 
082 |a 006.68 
082 |b H523 
100 |a Phạm Quang Huy 
245 0 |a Ghép và xử lý ảnh Photoshop 6.0 - 7.0 
245 0 |c Phạm Quang Huy 
260 |a H. 
260 |b Thống Kê 
260 |c 2003 
650 |a photoshop ( computer programs ),computer graphics 
650 |x computer programs 
980 |a Trung tâm Học liệu Trường Đại học Cần Thơ